| 000 | 00499nam a22001932 4500 | ||
|---|---|---|---|
| 001 | 0000024439 | ||
| 005 | 20151217161503.0 | ||
| 008 | 131113s xx 000 0 eng d | ||
| 020 | _a0978714161 : | ||
| 040 |
_aKABU _cKABU |
||
| 100 | 1 |
_aSookhdeo, Patrick. _@0000182519 |
|
| 245 | 1 | 0 | _aUnderstanding Islamist terrorism. |
| 250 | _a1st ed. | ||
| 260 |
_aMcLean, VA : _bIsaac Publishing, _c2009. |
||
| 300 | _a278 p. | ||
| 908 | _a131113 | ||
| 950 | _@1 | ||
| 999 |
_c15333 _d15333 |
||